Online
Catalog

Bateria desde el primer día / (Record no. 34786)

MARC details
000 -CABECERA
campo de control de longitud fija 00384nam a2200133 a 4500
001 - NÚMERO DE CONTROL
campo de control 000035295
005 - FECHA Y HORA DE LA ÚLTIMA TRANSACCIÓN
campo de control 20200930074234.0
008 - DATOS DE LONGITUD FIJA--INFORMACIÓN GENERAL
campo de control de longitud fija 111027s19uu xx 000 0 spa d
040 ## - FUENTE DE LA CATALOGACIÓN
Centro catalogador/agencia de origen DO-SdBNP
Lengua de catalogación spa
Centro/agencia transcriptor BNPHU
100 1# - ENTRADA PRINCIPAL--NOMBRE DE PERSONA
Nombre de persona Mira, Marcelo
9 (RLIN) 61063
245 10 - MENCIÓN DE TÍTULO
Título Bateria desde el primer día /
Mención de responsabilidad, etc. Marcelo Mira.
260 ## - PUBLICACIÓN, DISTRIBUCIÓN, ETC.
Lugar de publicación, distribución, etc. s.l], :
Nombre del editor, distribuidor, etc. [s.n.],
Fecha de publicación, distribución, etc. [199-?].
300 ## - DESCRIPCIÓN FÍSICA
Extensión 20 p. :
Otras características físicas il., mús. ;
Dimensiones 28 cm.
Holdings
Estado de retiro Estado de pérdida Restricciones de uso No para préstamo Código de colección Localización permanente Ubicación/localización actual Ubicación en estantería Fecha de adquisición Número de inventario Total de préstamos Signatura topográfica completa Código de barras Fecha visto por última vez Precio válido a partir de Tipo de ítem Koha
      Excluido de préstamo Monografías: Libros y Folletos General General Depósito 27.10.2011 LF1   35295-10 25.06.2020 25.06.2020 No se presta

Powered by Koha